000 01064nam a22002177a 4500
999 _c1763
_d1763
003 AR-CdUCM
008 190227b ||||| |||| 00| 0 spa d
040 _aMUNICIPALIDAD PROVINCIAL DEL CUSCO
_cBIBLIOTECA MUNICIPAL DEL CUSCO
082 _a985.072 /
_bG92
100 _aGuillén Marroquín, Jesús
_96476
245 _aLa economía agraria del Cusco :
_b1900-1980 /
260 _aCusco :
_bCentro Bartolome de las Casas,
_c1989.
300 _aXIV , 415 páginas ;
_bCuadros, Gráficos
_c21 cm.
440 _aDebates andinos.
_n16
_96477
505 _aContenido: La agricultura Cusqueña antes de la primera guerra mundial -- La agricultura Cusqueña durante la primera guerra mundial -- Balance de la agricultura Cusqueña entre 1900-1933 -- La agricultura Cusqueña entre 1933 y después de la segunda guerra mundial -- La evolución de la agricultura Cusqueña después de la segunda guerra mundial hasta 1958 ...
650 _aHaciendas
_96478
650 _aAgricultura
_9320
650 _aProducción
_91785
942 _2ddc
_cLIBROS
945 _aafb
_d2019-02-27